| 000 | 00000cam 2200000zi 4500 |
| 001 | 9.936395 |
| 003 | CaOODSP |
| 005 | 20260324131959 |
| 006 | m o d f |
| 007 | cr mn||||||||| |
| 008 | 240405t20242024onc ob f000 0 eng d |
| 020 | |a9780660712048 |
| 040 | |aCaOODSP|beng|erda|cCaOODSP |
| 043 | |an-cn--- |
| 086 | 1 |aHR4-109/2024E-PDF |
| 245 | 00|aDeveloping a workplace accommodation policy : |ba template for federally regulated employers. |
| 264 | 1|a[Ottawa] : |bCanadian Human Rights Commission = Commission canadienne des droits de la personne, |c[2024] |
| 264 | 4|c©2024 |
| 300 | |a1 online resource (10 pages) |
| 336 | |atext|btxt|2rdacontent |
| 337 | |acomputer|bc|2rdamedia |
| 338 | |aonline resource|bcr|2rdacarrier |
| 500 | |aIssued also in French under title: Élaboration d'une politique sur les mesures d'adaptation en milieu de travail : un modèle à l'intention des employeurs sous réglementation fédérale. |
| 500 | |aThe publication file in PDF format was replaced on 30 January 2025 at the request of the Canadian Human Rights Commission. The new file contains minor corrections. |
| 504 | |aIncludes bibliographical references. |
| 520 | |a"This template will help federally regulated employers develop an accommodation policy that is consistent with the requirements of the Canadian Human Rights Act (CHRA) and the Accessible Canada Act (ACA), while also being adaptable to each workplace"--Introduction, page 1. |
| 650 | 0|aWork environment|xBarrier-free design|xGovernment policy|zCanada. |
| 650 | 0|aDiscrimination in employment|zCanada|xPrevention. |
| 650 | 0|aEmployee rights|zCanada. |
| 710 | 2 |aCanadian Human Rights Commission, |eissuing body. |
| 775 | 08|tÉlaboration d'une politique sur les mesures d'adaptation en milieu de travail : |w(CaOODSP)9.936397 |
| 794 | |tDeveloping a workplace accommodation policy : |b2026|w(CaOODSP)9.960743 |
| 795 | |tDeveloping a workplace accommodation policy.|w(CaOODSP)9.933056 |
| 856 | 40|qPDF|s381 KB|uhttps://publications.gc.ca/collections/collection_2024/ccdp-chrc/HR4-109-2024-eng.pdf |
| 856 | 4 |qHTML|sN/A|uhttps://www.chrc-ccdp.gc.ca/resources/publications/template-developing-a-workplace-accommodation-policy |